Thy will be done (Record no. 9484)
[ view plain ]
| 000 -LEADER | |
|---|---|
| fixed length control field | 00568nam a22001577a 4500 |
| 005 - DATE AND TIME OF LATEST TRANSACTION | |
| control field | 20260422140627.0 |
| 008 - FIXED-LENGTH DATA ELEMENTS--GENERAL INFORMATION | |
| fixed length control field | 260422b |||||||| |||| 00| 0 eng d |
| 020 ## - INTERNATIONAL STANDARD BOOK NUMBER | |
| International Standard Book Number | 9780060927233 |
| 100 ## - MAIN ENTRY--PERSONAL NAME | |
| Personal name | Colby Gerard and Dennett Charlotte |
| 245 ## - TITLE STATEMENT | |
| Title | Thy will be done |
| Remainder of title | The quest of the amazon: Nelson rockefeller and evangelism in the age of oil |
| Statement of responsibility, etc. | by Colby Gerard and Dennett Charlotte |
| 260 ## - PUBLICATION, DISTRIBUTION, ETC. | |
| Place of publication, distribution, etc. | UK |
| Name of publisher, distributor, etc. | Harper collins publishers |
| Date of publication, distribution, etc. | c1976 |
| 300 ## - PHYSICAL DESCRIPTION | |
| Extent | xvi,960p, |
| Other physical details | ill |
| 500 ## - GENERAL NOTE | |
| General note | Includes index |
| 700 ## - ADDED ENTRY--PERSONAL NAME | |
| Personal name | Colby Gerard and Dennett Charlotte |
| Relator term | Authors |
| 942 ## - ADDED ENTRY ELEMENTS (KOHA) | |
| Source of classification or shelving scheme | Library of Congress Classification |
| Koha item type | Books |
| Suppress in OPAC | No |
| 999 ## - | |
| -- | 9484 |
| -- | 9484 |
| Withdrawn status | Lost status | Source of classification or shelving scheme | Damaged status | Use restrictions | Not for loan | Collection | Home library | Current library | Shelving location | Date acquired | Total checkouts | Full call number | Barcode | Date last seen | Price effective from | Koha item type |
|---|---|---|---|---|---|---|---|---|---|---|---|---|---|---|---|---|
| Library of Congress Classification | Restricted access | Non-fiction | Main Library (Kumasi) | Main Library (Kumasi) | General stacks | 04/22/2026 | E748.R673C55 COL | bssk00000154 | 04/22/2026 | 04/22/2026 | Books |